[Event "DEM U18 2018"]
[Site "Willingen GER"]
[Date "2018.05.21"]
[Round "3"]
[White "Herbrig, Alexander"]
[Black "Pallas, Sebastian"]
[Result "1-0"]
[Termination "normal"]
[Board "4"]
[WhiteElo "2270"]
[BlackElo "2291"]
[WhiteClock "00:03:58"]
[BlackClock "00:01:28"]
[PlyCount "61"]
[WhiteFideId "12952044"]
[BlackFideId "12905453"]
[EventCountry "GER"]
[EventRounds "9"]
[EventType "swiss"]
[EventDate "2018.05.19"]

1. e4 {[%clk 1:30:57]} 1... c5 {[%clk 1:30:47]} 2. Nf3 {[%clk 1:31:21]} 2... d6
{[%clk 1:31:06]} 3. d4 {[%clk 1:31:43]} 3... cxd4 {[%clk 1:31:26]} 4. Nxd4 {
[%clk 1:32:10]} 4... Nf6 {[%clk 1:31:42]} 5. Nc3 {[%clk 1:32:30]} 5... a6 {
[%clk 1:31:58]} 6. Be3 {[%clk 1:32:55]} 6... e6 {[%clk 1:31:51]} 7. g4 { [%clk
1:33:19]} 7... e5 {[%clk 1:31:33]} 8. Nf5 {[%clk 1:33:43]} 8... h5 { [%clk
1:31:45]} 9. g5 {[%clk 1:34:08]} 9... Nxe4 {[%clk 1:32:00]} 10. Nxg7+ { [%clk
1:34:31]} 10... Bxg7 {[%clk 1:32:25]} 11. Nxe4 {[%clk 1:34:56]} 11... d5 {[%clk
1:32:45]} 12. Ng3 {[%clk 1:35:20]} 12... d4 {[%clk 1:33:01]} 13. Bd2 { [%clk
1:35:45]} 13... Nc6 {[%clk 1:32:40]} 14. Nxh5 {[%clk 1:29:06]} 14... Qd5 {[%clk
1:32:52]} 15. Rg1 {[%clk 1:24:47]} 15... Kf8 {[%clk 1:32:36]} 16. Qe2 { [%clk
1:02:16]} 16... Bf5 {[%clk 1:20:00]} 17. Bg2 {[%clk 0:56:19]} 17... e4 { [%clk
1:19:44]} 18. Nf6 {[%clk 0:38:27]} 18... Bxf6 {[%clk 1:17:52]} 19. gxf6 { [%clk
0:38:38]} 19... Re8 {[%clk 0:55:32]} 20. Bf4 {[%clk 0:30:11]} 20... Re6 { [%clk
0:53:34]} 21. Bg5 {[%clk 0:20:15]} 21... d3 {[%clk 0:28:13]} 22. cxd3 { [%clk
0:18:22]} 22... Nd4 {[%clk 0:21:47]} 23. Qd2 {[%clk 0:18:31]} 23... exd3+
{[%clk 0:21:49]} 24. Be3 {[%clk 0:14:54]} 24... Qd6 {[%clk 0:19:32]} 25. O-O-O
{[%clk 0:07:46]} 25... Ne2+ {[%clk 0:16:00]} 26. Kb1 {[%clk 0:08:08]} 26...
Nxg1 {[%clk 0:15:13]} 27. Rxg1 {[%clk 0:08:15]} 27... Rxh2 {[%clk 0:05:19]} 28.
Bf3 {[%clk 0:05:44]} 28... Rh8 {[%clk 0:03:53]} 29. Ka1 {[%clk 0:05:35]} 29...
Be4 {[%clk 0:03:11]} 30. Rc1 {[%clk 0:04:15]} 30... Bxf3 {[%clk 0:01:28]} 31.
Rc8+ {[%clk 0:03:58]} 1-0

[Event "DEM U18 2018"]
[Site "Willingen GER"]
[Date "2018.05.21"]
[Round "3"]
[White "Polster, Christian"]
[Black "Ewert, Hannes"]
[Result "0-1"]
[Termination "normal"]
[Board "5"]
[WhiteTitle "FM"]
[BlackTitle "FM"]
[WhiteElo "2289"]
[BlackElo "2312"]
[WhiteClock "00:50:33"]
[BlackClock "00:05:28"]
[PlyCount "76"]
[WhiteFideId "12965081"]
[BlackFideId "12961574"]
[EventCountry "GER"]
[EventRounds "9"]
[EventType "swiss"]
[EventDate "2018.05.19"]

1. e4 e5 2. Nf3 Nc6 3. Bc4 Bc5 4. O-O 4... Nf6 {[%clk 1:30:25]} 5. d4 { [%clk
1:31:57]} 5... Bxd4 {[%clk 1:30:27]} 6. Nxd4 {[%clk 1:32:06]} 6... Nxd4 { [%clk
1:30:38]} 7. f4 {[%clk 1:32:00]} 7... d6 {[%clk 1:28:38]} 8. fxe5 { [%clk
1:31:20]} 8... dxe5 {[%clk 1:29:02]} 9. Bg5 {[%clk 1:31:44]} 9... Be6 { [%clk
1:26:33]} 10. Na3 {[%clk 1:30:00]} 10... Qe7 {[%clk 1:17:03]} 11. Bxf6 { [%clk
1:28:51]} 11... gxf6 {[%clk 1:17:20]} 12. c3 {[%clk 1:29:11]} 12... Bxc4 {[%clk
1:14:25]} 13. Nxc4 {[%clk 1:29:31]} 13... Ne6 {[%clk 1:14:53]} 14. Ne3 { [%clk
1:29:01]} 14... Qc5 {[%clk 1:14:29]} 15. Qe1 {[%clk 1:29:05]} 15... O-O-O
{[%clk 0:56:35]} 16. b4 {[%clk 1:28:48]} 16... Qc6 {[%clk 0:46:53]} 17. Nd5 {
[%clk 1:27:48]} 17... Qc4 {[%clk 0:46:31]} 18. Rxf6 {[%clk 1:21:51]} 18... c6 {
[%clk 0:36:03]} 19. Ne3 {[%clk 1:15:43]} 19... Qxe4 {[%clk 0:34:39]} 20. Nf5 {
[%clk 1:15:10]} 20... Qd3 {[%clk 0:15:37]} 21. Qxe5 {[%clk 1:14:17]} 21... Rhe8
{[%clk 0:15:46]} 22. Rxf7 {[%clk 1:11:31]} 22... Rd5 {[%clk 0:10:49]} 23. Qf6 {
[%clk 1:00:07]} 23... Kb8 {[%clk 0:07:45]} 24. Re1 {[%clk 0:59:20]} 24... Nc7 {
[%clk 0:06:17]} 25. Rxe8+ {[%clk 0:58:13]} 25... Nxe8 {[%clk 0:06:32]} 26. Qe6
{[%clk 0:52:34]} 26... Qb1+ {[%clk 0:06:11]} 27. Kf2 {[%clk 0:51:30]} 27...
Qxa2+ {[%clk 0:06:33]} 28. Qe2 {[%clk 0:49:53]} 28... Rd2 {[%clk 0:06:12]} 29.
Re7 {[%clk 0:49:49]} 29... Rxe2+ {[%clk 0:06:35]} 30. Rxe2 {[%clk 0:50:15]}
30... Qf7 {[%clk 0:06:58]} 31. g4 {[%clk 0:50:40]} 31... Nf6 {[%clk 0:04:10]}
32. h3 {[%clk 0:50:59]} 32... h5 {[%clk 0:03:48]} 33. Kg3 {[%clk 0:50:23]}
33... hxg4 {[%clk 0:04:10]} 34. hxg4 {[%clk 0:50:41]} 34... Qc4 {[%clk 0:04:30]
} 35. Nd4 {[%clk 0:49:48]} 35... Qxc3+ {[%clk 0:04:39]} 36. Nf3 {[%clk 0:50:07]
} 36... Qxb4 {[%clk 0:04:51]} 37. g5 {[%clk 0:50:17]} 37... Qg4+ { [%clk
0:05:09]} 38. Kf2 {[%clk 0:50:33]} 38... Ne4+ {[%clk 0:05:28]} 0-1

[Event "DEM U18 2018"]
[Site "Willingen GER"]
[Date "2018.05.21"]
[Round "3"]
[White "Weller, Uli"]
[Black "Schmidek, Emil"]
[Result "1-0"]
[Termination "normal"]
[Board "6"]
[BlackTitle "FM"]
[WhiteElo "2062"]
[BlackElo "2395"]
[WhiteClock "00:14:36"]
[BlackClock "00:08:20"]
[PlyCount "59"]
[WhiteFideId "12971782"]
[BlackFideId "12908150"]
[EventCountry "GER"]
[EventRounds "9"]
[EventType "swiss"]
[EventDate "2018.05.19"]

1. e4 {[%clk 1:30:57]} 1... e5 {[%clk 1:30:57]} 2. Nf3 {[%clk 1:31:17]} 2...
Nc6 {[%clk 1:31:25]} 3. Bc4 {[%clk 1:31:37]} 3... Nf6 {[%clk 1:31:50]} 4. d3 {
[%clk 1:31:59]} 4... Be7 {[%clk 1:32:17]} 5. O-O {[%clk 1:32:13]} 5... O-O {
[%clk 1:32:43]} 6. Re1 {[%clk 1:32:28]} 6... d6 {[%clk 1:33:08]} 7. a4 { [%clk
1:32:44]} 7... Na5 {[%clk 1:32:23]} 8. Ba2 {[%clk 1:33:02]} 8... c5 { [%clk
1:32:51]} 9. c3 {[%clk 1:32:28]} 9... Nc6 {[%clk 1:33:05]} 10. Na3 { [%clk
1:32:30]} 10... Be6 {[%clk 1:33:21]} 11. Bxe6 {[%clk 1:32:16]} 11... fxe6
{[%clk 1:33:49]} 12. Nc4 {[%clk 1:32:34]} 12... Qd7 {[%clk 1:27:41]} 13. Bd2 {
[%clk 1:30:50]} 13... Rab8 {[%clk 1:23:39]} 14. b4 {[%clk 1:17:26]} 14... cxb4
{[%clk 1:21:26]} 15. cxb4 {[%clk 1:17:53]} 15... b5 {[%clk 1:17:35]} 16. axb5 {
[%clk 1:17:59]} 16... Rxb5 {[%clk 1:17:32]} 17. Qa4 {[%clk 0:46:01]} 17... Rb7
{[%clk 1:14:55]} 18. Rec1 {[%clk 0:36:56]} 18... Rfb8 {[%clk 0:52:56]} 19. Nxd6
{[%clk 0:28:04]} 19... Qxd6 {[%clk 0:36:23]} 20. Qxc6 {[%clk 0:27:36]} 20...
Nd7 {[%clk 0:27:13]} 21. h3 {[%clk 0:20:37]} 21... Qxd3 {[%clk 0:18:33]} 22.
Qxe6+ {[%clk 0:20:22]} 22... Kf8 {[%clk 0:18:53]} 23. Ng5 {[%clk 0:14:54]}
23... Bxg5 {[%clk 0:19:10]} 24. Bxg5 {[%clk 0:15:16]} 24... Nb6 {[%clk 0:15:27]
} 25. Rd1 {[%clk 0:13:02]} 25... Qxe4 {[%clk 0:12:40]} 26. Ra3 {[%clk 0:13:15]}
26... Re8 {[%clk 0:07:58]} 27. Rf3+ {[%clk 0:13:34]} 27... Qxf3 {[%clk 0:08:22]
} 28. Qd6+ {[%clk 0:13:59]} 28... Kf7 {[%clk 0:07:53]} 29. gxf3 {[%clk 0:14:21]
} 29... Rd7 {[%clk 0:08:20]} 30. Qxd7+ {[%clk 0:14:36]} 1-0

[Event "DEM U18 2018"]
[Site "Willingen GER"]
[Date "2018.05.21"]
[Round "3"]
[White "Muckle, Julius"]
[Black "Degenhard, Simon"]
[Result "1/2-1/2"]
[Termination "normal"]
[Board "7"]
[WhiteTitle "FM"]
[BlackTitle "FM"]
[WhiteElo "2344"]
[BlackElo "2189"]
[WhiteClock "00:31:26"]
[BlackClock "00:10:38"]
[PlyCount "152"]
[WhiteFideId "12942430"]
[BlackFideId "12944017"]
[EventCountry "GER"]
[EventRounds "9"]
[EventType "swiss"]
[EventDate "2018.05.19"]

1. d4 {[%clk 1:30:58]} 1... Nf6 {[%clk 1:30:49]} 2. c4 {[%clk 1:31:24]} 2... e6
{[%clk 1:31:09]} 3. Nc3 {[%clk 1:31:28]} 3... d5 {[%clk 1:31:22]} 4. Nf3 {
[%clk 1:31:44]} 4... c5 {[%clk 1:31:25]} 5. e3 {[%clk 1:31:25]} 5... a6 { [%clk
1:31:31]} 6. a3 {[%clk 1:30:54]} 6... dxc4 {[%clk 1:31:47]} 7. Bxc4 { [%clk
1:31:19]} 7... b5 {[%clk 1:32:04]} 8. Ba2 {[%clk 1:31:22]} 8... Bb7 { [%clk
1:32:04]} 9. O-O {[%clk 1:31:38]} 9... Nbd7 {[%clk 1:30:03]} 10. Qe2 { [%clk
1:20:59]} 10... Qc7 {[%clk 1:25:44]} 11. Rd1 {[%clk 1:18:12]} 11... Be7 { [%clk
1:20:28]} 12. e4 {[%clk 1:08:14]} 12... b4 {[%clk 0:54:39]} 13. e5 { [%clk
1:04:59]} 13... bxc3 {[%clk 0:54:27]} 14. exf6 {[%clk 1:05:24]} 14... Nxf6
{[%clk 0:52:05]} 15. bxc3 {[%clk 1:00:54]} 15... O-O {[%clk 0:45:31]} 16. Bg5
{[%clk 0:51:24]} 16... cxd4 {[%clk 0:37:51]} 17. cxd4 {[%clk 0:51:36]} 17...
Bd5 {[%clk 0:37:52]} 18. Bxf6 {[%clk 0:47:36]} 18... Bxf6 {[%clk 0:34:44] } 19.
Bxd5 {[%clk 0:48:01]} 19... exd5 {[%clk 0:34:59]} 20. Rdc1 { [%clk 0:47:51]}
20... Qf4 {[%clk 0:27:59]} 21. Qe3 {[%clk 0:43:25]} 21... Qf5 { [%clk 0:20:50]}
22. Rc5 {[%clk 0:36:41]} 22... Rfc8 {[%clk 0:17:36]} 23. Rac1 { [%clk 0:33:10]}
23... h6 {[%clk 0:17:46]} 24. h3 {[%clk 0:32:14]} 24... Qd7 { [%clk 0:14:20]}
25. Qb3 {[%clk 0:20:06]} 25... Rab8 {[%clk 0:13:37]} 26. Qd3 { [%clk 0:19:11]}
26... Rxc5 {[%clk 0:13:10]} 27. Rxc5 {[%clk 0:19:10]} 27... Rb5 {[%clk
0:13:04]} 28. Rc3 {[%clk 0:19:24]} 28... Qb7 {[%clk 0:11:29]} 29. Qc2 { [%clk
0:17:01]} 29... g6 {[%clk 0:09:57]} 30. Rc7 {[%clk 0:15:46]} 30... Rb1+ { [%clk
0:08:07]} 31. Kh2 {[%clk 0:16:15]} 31... Qb8 {[%clk 0:08:06]} 32. Ne5 { [%clk
0:11:46]} 32... Bxe5+ {[%clk 0:07:13]} 33. dxe5 {[%clk 0:12:03]} 33... Qb2
{[%clk 0:04:53]} 34. e6 {[%clk 0:09:40]} 34... Qxc2 {[%clk 0:03:20]} 35. exf7+
{[%clk 0:10:00]} 35... Kg7 {[%clk 0:03:00]} 36. Rxc2 {[%clk 0:10:29]} 36... Rb3
{[%clk 0:01:46]} 37. Rc6 {[%clk 0:10:25]} 37... Kxf7 {[%clk 0:01:08]} 38. Rxa6
{[%clk 0:10:42]} 38... d4 {[%clk 0:01:29]} 39. Rd6 {[%clk 0:09:33]} 39... Rxa3
{[%clk 0:01:57]} 40. Rxd4 {[%clk 0:09:56]} 40... Ra2 {[%clk 0:01:46] } 41. Kg3
{[%clk 0:09:59]} 41... Ra5 {[%clk 0:27:00]} 42. Rd7+ {[%clk 0:40:20]} 42... Kf6
{[%clk 0:26:42]} 43. Rh7 {[%clk 0:39:45]} 43... h5 {[%clk 0:26:53]} 44. h4
{[%clk 0:39:36]} 44... Ra3+ {[%clk 0:26:57]} 45. f3 {[%clk 0:40:00]} 45... Ra2
{[%clk 0:27:02]} 46. Rb7 {[%clk 0:40:14]} 46... Rc2 {[%clk 0:26:35]} 47. Rb6+
{[%clk 0:40:28]} 47... Kf5 {[%clk 0:25:47]} 48. Rb5+ {[%clk 0:40:19]} 48... Kf6
{[%clk 0:26:09]} 49. Kh3 {[%clk 0:39:34]} 49... Ra2 {[%clk 0:25:50]} 50. Rb3
{[%clk 0:35:03]} 50... Rc2 {[%clk 0:26:10]} 51. g4 {[%clk 0:35:07]} 51... hxg4+
{[%clk 0:26:25]} 52. fxg4 {[%clk 0:35:31]} 52... Rc4 { [%clk 0:25:08]} 53. Rb6+
{[%clk 0:35:02]} 53... Kg7 {[%clk 0:24:54]} 54. Rb7+ { [%clk 0:35:16]} 54...
Kg8 {[%clk 0:24:42]} 55. Kg3 {[%clk 0:35:34]} 55... Ra4 { [%clk 0:24:55]} 56.
Kf3 {[%clk 0:35:53]} 56... Kf8 {[%clk 0:22:47]} 57. Rd7 { [%clk 0:36:02]} 57...
Rb4 {[%clk 0:22:52]} 58. Ra7 {[%clk 0:35:42]} 58... Rc4 { [%clk 0:23:07]} 59.
Ra3 {[%clk 0:35:02]} 59... Kf7 {[%clk 0:21:29]} 60. Re3 { [%clk 0:35:23]} 60...
Kf6 {[%clk 0:18:29]} 61. Re4 {[%clk 0:35:33]} 61... Rc5 { [%clk 0:14:20]} 62.
Ra4 {[%clk 0:32:46]} 62... Rb5 {[%clk 0:12:44]} 63. Ra6+ { [%clk 0:32:30]}
63... Kg7 {[%clk 0:12:14]} 64. Ra7+ {[%clk 0:32:55]} 64... Kf8 {[%clk 0:12:14]}
65. Kf4 {[%clk 0:33:04]} 65... Rc5 {[%clk 0:12:18]} 66. Rd7 { [%clk 0:31:13]}
66... Ra5 {[%clk 0:12:13]} 67. Ke4 {[%clk 0:30:57]} 67... Ra4+ {[%clk 0:11:43]}
68. Rd4 {[%clk 0:30:17]} 68... Ra5 {[%clk 0:11:57]} 69. Rb4 { [%clk 0:30:23]}
69... Kf7 {[%clk 0:12:04]} 70. Rb7+ {[%clk 0:30:44]} 70... Kf8 {[%clk 0:12:23]}
71. g5 {[%clk 0:30:49]} 71... Ra4+ {[%clk 0:10:50]} 72. Ke5 { [%clk 0:31:13]}
72... Ra5+ {[%clk 0:11:13]} 73. Kd6 {[%clk 0:31:26]} 73... Ra4 {[%clk 0:10:38]}
74. Rd7 Rxh4 75. Ke5 Ra4 76. Rd6 Kf7 1/2-1/2

[Event "DEM U18 2018"]
[Site "Willingen GER"]
[Date "2018.05.21"]
[Round "3"]
[White "Oberhofer, Cédric"]
[Black "Niermann, Tristan"]
[Result "1/2-1/2"]
[Termination "normal"]
[Board "8"]
[BlackTitle "FM"]
[WhiteElo "2158"]
[BlackElo "2327"]
[WhiteClock "00:19:29"]
[BlackClock "00:35:04"]
[PlyCount "71"]
[WhiteFideId "12941220"]
[BlackFideId "12990698"]
[EventCountry "GER"]
[EventRounds "9"]
[EventType "swiss"]
[EventDate "2018.05.19"]

1. e4 {[%clk 1:30:57]} 1... e5 {[%clk 1:30:56]} 2. Nf3 {[%clk 1:31:14]} 2...
Nc6 {[%clk 1:31:21]} 3. Bb5 {[%clk 1:31:33]} 3... a6 {[%clk 1:31:44]} 4. Ba4 {
[%clk 1:31:59]} 4... Nf6 {[%clk 1:32:08]} 5. O-O {[%clk 1:32:22]} 5... Nxe4 {
[%clk 1:32:33]} 6. d4 {[%clk 1:32:46]} 6... b5 {[%clk 1:33:00]} 7. Bb3 { [%clk
1:33:12]} 7... d5 {[%clk 1:33:26]} 8. dxe5 {[%clk 1:33:36]} 8... Be6 { [%clk
1:33:53]} 9. Qe2 {[%clk 1:33:38]} 9... Be7 {[%clk 1:31:53]} 10. Rd1 { [%clk
1:33:40]} 10... O-O {[%clk 1:31:49]} 11. c4 {[%clk 1:32:46]} 11... bxc4 { [%clk
1:32:01]} 12. Bxc4 {[%clk 1:33:11]} 12... Bc5 {[%clk 1:32:24]} 13. Be3 { [%clk
1:28:42]} 13... Bxe3 {[%clk 1:32:45]} 14. Qxe3 {[%clk 1:24:06]} 14... Qb8
{[%clk 1:33:03]} 15. Bb3 {[%clk 1:22:57]} 15... Na5 {[%clk 1:25:31]} 16. Nbd2 {
[%clk 1:10:29]} 16... Qa7 {[%clk 1:17:13]} 17. Qxa7 {[%clk 0:59:23]} 17... Rxa7
{[%clk 1:17:37]} 18. Nxe4 {[%clk 0:59:14]} 18... Nxb3 {[%clk 1:17:25]} 19. axb3
{[%clk 0:59:39]} 19... dxe4 {[%clk 1:17:50]} 20. Nd2 {[%clk 0:59:58]} 20... e3
{[%clk 1:13:39]} 21. fxe3 {[%clk 1:00:18]} 21... Rb8 {[%clk 1:05:42]} 22. Nc4 {
[%clk 0:49:26]} 22... h6 {[%clk 0:56:25]} 23. Na5 {[%clk 0:47:40]} 23... Bxb3 {
[%clk 0:51:30]} 24. Nc6 {[%clk 0:33:00]} 24... Bxd1 {[%clk 0:51:43]} 25. Rxd1 {
[%clk 0:33:20]} 25... Rab7 {[%clk 0:51:05]} 26. Nxb8 {[%clk 0:33:40]} 26...
Rxb8 {[%clk 0:51:33]} 27. Rc1 {[%clk 0:29:29]} 27... Rxb2 {[%clk 0:47:09]} 28.
Rxc7 {[%clk 0:29:55]} 28... a5 {[%clk 0:42:04]} 29. Rc8+ {[%clk 0:24:59]} 29...
Kh7 {[%clk 0:42:28]} 30. Rc6 {[%clk 0:25:23]} 30... a4 {[%clk 0:40:36]} 31. Ra6
{[%clk 0:25:33]} 31... Ra2 {[%clk 0:36:03]} 32. e6 {[%clk 0:24:33]} 32... fxe6
{[%clk 0:36:27]} 33. Rxe6 {[%clk 0:24:59]} 33... a3 {[%clk 0:35:50]} 34. Ra6 {
[%clk 0:25:22]} 34... Ra1+ {[%clk 0:34:43]} 35. Kf2 {[%clk 0:25:47]} 35... a2 {
[%clk 0:35:04]} 36. h4 {[%clk 0:19:29]} 1/2-1/2

[Event "DEM U18 2018"]
[Site "Willingen GER"]
[Date "2018.05.21"]
[Round "3"]
[White "Fieberg, Samuel"]
[Black "Schneider, Jana"]
[Result "0-1"]
[Termination "normal"]
[Board "9"]
[WhiteTitle "FM"]
[BlackTitle "FM"]
[WhiteElo "2248"]
[BlackElo "2214"]
[WhiteClock "00:03:32"]
[BlackClock "00:10:47"]
[PlyCount "90"]
[WhiteFideId "12901717"]
[BlackFideId "12924997"]
[EventCountry "GER"]
[EventRounds "9"]
[EventType "swiss"]
[EventDate "2018.05.19"]

1. e4 {[%clk 1:30:58]} 1... e6 {[%clk 1:30:52]} 2. d4 {[%clk 1:31:23]} 2... d5
{[%clk 1:31:17]} 3. Nd2 {[%clk 1:31:50]} 3... c5 {[%clk 1:31:40]} 4. exd5 {
[%clk 1:32:08]} 4... Qxd5 {[%clk 1:32:02]} 5. Ngf3 {[%clk 1:32:16]} 5... cxd4 {
[%clk 1:32:23]} 6. Bc4 {[%clk 1:32:41]} 6... Qd6 {[%clk 1:32:46]} 7. Qe2 {
[%clk 1:32:57]} 7... Nf6 {[%clk 1:31:29]} 8. Nb3 {[%clk 1:32:49]} 8... Nc6 {
[%clk 1:30:03]} 9. Bg5 {[%clk 1:32:38]} 9... Be7 {[%clk 1:18:26]} 10. O-O-O {
[%clk 1:32:49]} 10... a6 {[%clk 1:17:46]} 11. Nbxd4 {[%clk 1:19:09]} 11... Qc7
{[%clk 1:15:58]} 12. Rhe1 {[%clk 1:06:13]} 12... O-O {[%clk 1:14:29]} 13. g3 {
[%clk 1:04:54]} 13... b5 {[%clk 1:09:43]} 14. Bb3 {[%clk 0:57:52]} 14... Na5 {
[%clk 1:03:34]} 15. Kb1 {[%clk 0:48:18]} 15... Nxb3 {[%clk 1:01:08]} 16. Bxf6 {
[%clk 0:41:57]} 16... Bxf6 {[%clk 0:59:22]} 17. axb3 {[%clk 0:40:17]} 17... Bb7
{[%clk 0:56:29]} 18. Ne5 {[%clk 0:39:46]} 18... Rfd8 {[%clk 0:42:15]} 19. f4 {
[%clk 0:38:10]} 19... Qc5 {[%clk 0:35:19]} 20. Ndf3 {[%clk 0:31:20]} 20... Bd5
{[%clk 0:33:24]} 21. Nd4 {[%clk 0:27:07]} 21... Bb7 {[%clk 0:28:49]} 22. Ndf3 {
[%clk 0:27:16]} 22... Bd5 {[%clk 0:28:44]} 23. Nd4 {[%clk 0:27:23]} 23... Rab8
{[%clk 0:28:39]} 24. Rd2 {[%clk 0:25:22]} 24... a5 {[%clk 0:27:48]} 25. Red1 {
[%clk 0:22:56]} 25... a4 {[%clk 0:27:05]} 26. c4 {[%clk 0:21:53]} 26... bxc4 {
[%clk 0:24:31]} 27. bxc4 {[%clk 0:14:39]} 27... Bxe5 {[%clk 0:23:03]} 28. fxe5
{[%clk 0:08:08]} 28... Bxc4 {[%clk 0:21:13]} 29. Qe3 {[%clk 0:07:40]} 29... Bd5
{[%clk 0:18:28]} 30. Rc1 {[%clk 0:06:14]} 30... Qb4 {[%clk 0:15:30]} 31. Qc3 {
[%clk 0:06:03]} 31... a3 {[%clk 0:13:40]} 32. b3 {[%clk 0:03:18]} 32... Bxb3 {
[%clk 0:11:31]} 33. Qxb4 {[%clk 0:02:42]} 33... Rxb4 {[%clk 0:11:57]} 34. Ka1 {
[%clk 0:01:34]} 34... Rc4 {[%clk 0:09:22]} 35. Rb1 {[%clk 0:01:22]} 35... Rcxd4
{[%clk 0:09:12]} 36. Rxd4 {[%clk 0:01:46]} 36... Rxd4 {[%clk 0:09:39]} 37. Rxb3
{[%clk 0:02:10]} 37... h5 {[%clk 0:09:01]} 38. Ka2 {[%clk 0:00:56]} 38... Rd2+
{[%clk 0:09:00]} 39. Kxa3 {[%clk 0:01:21]} 39... Rxh2 {[%clk 0:09:25]} 40. Re3
{[%clk 0:01:44]} 40... Kh7 {[%clk 0:09:26]} 41. Kb3 {[%clk 0:02:07]} 41... Kg6
{[%clk 0:09:44]} 42. Kc4 {[%clk 0:02:25]} 42... Rh3 {[%clk 0:09:41]} 43. Kd4 {
[%clk 0:02:40]} 43... h4 {[%clk 0:10:00]} 44. gxh4 {[%clk 0:03:05]} 44... Rxe3
{[%clk 0:10:25]} 45. Kxe3 {[%clk 0:03:32]} 45... Kh5 {[%clk 0:10:47]} 0-1

[Event "DEM U18 2018"]
[Site "Willingen GER"]
[Date "2018.05.21"]
[Round "3"]
[White "Buckels, Valentin"]
[Black "Woelk, Tom-Frederic"]
[Result "1/2-1/2"]
[Termination "normal"]
[Board "10"]
[WhiteTitle "FM"]
[WhiteElo "2340"]
[BlackElo "2176"]
[WhiteClock "00:08:57"]
[BlackClock "00:01:05"]
[PlyCount "77"]
[WhiteFideId "12942766"]
[BlackFideId "12993077"]
[EventCountry "GER"]
[EventRounds "9"]
[EventType "swiss"]
[EventDate "2018.05.19"]

1. Nf3 {[%clk 1:30:57]} 1... Nf6 {[%clk 1:30:44]} 2. g3 {[%clk 1:31:17]} 2...
g6 {[%clk 1:27:21]} 3. Bg2 {[%clk 1:29:59]} 3... d5 {[%clk 1:26:47]} 4. O-O {
[%clk 1:29:30]} 4... Bg7 {[%clk 1:27:02]} 5. d4 {[%clk 1:29:16]} 5... O-O {
[%clk 1:27:26]} 6. Nbd2 {[%clk 1:24:44]} 6... Bf5 {[%clk 1:15:36]} 7. h3 {
[%clk 1:18:16]} 7... c5 {[%clk 0:56:20]} 8. dxc5 {[%clk 1:14:24]} 8... Na6 {
[%clk 0:55:36]} 9. Nb3 {[%clk 1:12:00]} 9... Rc8 {[%clk 0:48:49]} 10. Be3 {
[%clk 1:06:49]} 10... Be4 {[%clk 0:45:02]} 11. Bd4 {[%clk 0:44:31]} 11... Re8 {
[%clk 0:32:32]} 12. c3 {[%clk 0:41:18]} 12... Nd7 {[%clk 0:28:06]} 13. Bxg7 {
[%clk 0:41:09]} 13... Kxg7 {[%clk 0:28:26]} 14. Nbd2 {[%clk 0:41:22]} 14...
Ndxc5 {[%clk 0:26:47]} 15. Nxe4 {[%clk 0:40:25]} 15... dxe4 {[%clk 0:27:10]}
16. Nd4 {[%clk 0:40:10]} 16... e5 {[%clk 0:25:06]} 17. Nb5 {[%clk 0:39:15]}
17... Rc6 {[%clk 0:05:19]} 18. b4 {[%clk 0:34:32]} 18... Rb6 {[%clk 0:03:58]}
19. a4 {[%clk 0:31:52]} 19... Qxd1 {[%clk 0:02:04]} 20. Rfxd1 {[%clk 0:32:20]}
20... Nxa4 {[%clk 0:01:55]} 21. Rxa4 {[%clk 0:32:42]} 21... Rxb5 { [%clk
0:02:19]} 22. Bxe4 {[%clk 0:32:36]} 22... Rc8 {[%clk 0:02:14]} 23. Ra3 { [%clk
0:32:47]} 23... Rc7 {[%clk 0:02:17]} 24. Rd8 {[%clk 0:32:38]} 24... Rb6 { [%clk
0:01:18]} 25. g4 {[%clk 0:31:36]} 25... Re7 {[%clk 0:01:02]} 26. Rc8 { [%clk
0:31:06]} 26... Kf6 {[%clk 0:00:50]} 27. Ra5 {[%clk 0:29:55]} 27... Ke6 { [%clk
0:00:47]} 28. Bd3 {[%clk 0:29:22]} 28... Kd6 {[%clk 0:00:40]} 29. g5 { [%clk
0:26:34]} 29... Rc7 {[%clk 0:00:39]} 30. Rd8+ {[%clk 0:23:25]} 30... Ke7 {[%clk
0:00:50]} 31. Rh8 {[%clk 0:15:45]} 31... Rxc3 {[%clk 0:01:19]} 32. Rxe5+ {[%clk
0:14:48]} 32... Kd6 {[%clk 0:01:28]} 33. Ree8 {[%clk 0:13:28]} 33... Nxb4
{[%clk 0:01:47]} 34. Rxh7 {[%clk 0:13:14]} 34... Nxd3 {[%clk 0:01:51]} 35. exd3
{[%clk 0:13:43]} 35... Rb5 {[%clk 0:01:54]} 36. h4 {[%clk 0:12:49]} 36... Rf5
{[%clk 0:02:22]} 37. Rhh8 {[%clk 0:12:59]} 37... Rc7 {[%clk 0:00:53]} 38. Re4
{[%clk 0:12:32]} 38... b5 {[%clk 0:01:05]} 39. Rd8+ {[%clk 0:08:57]} 1/2-1/2